Ética / [por] Marciano Vidal [y] Pedro R. Santidrián
Guardat en:
| Autor principal: | |
|---|---|
| Altres autors: | |
| Format: | Llibre |
| Edició: | Varias ediciones |
| Col·lecció: | Ethos ; 1, 2, 3
|
| Matèries: | |
| Etiquetes: |
Sense etiquetes, Sigues el primer a etiquetar aquest registre!
|
MARC
| LEADER | 00000nam^a2200000^u^4500 | ||
|---|---|---|---|
| 001 | 000544105 | ||
| 005 | 20250521000000.0 | ||
| 008 | 060220s1000^^^^^^^^^^^^r^^^^^000^0^spa^d | ||
| 009 | 20260310131320.634 | ||
| 035 | |a FMI 000013184 | ||
| 037 | |a Acervo Xavier Clavigero | ||
| 096 | |a 6.5/3/D | ||
| 100 | |a Vidal, Marciano |e (autor) | ||
| 245 | 1 | 0 | |a Ética / [por] Marciano Vidal [y] Pedro R. Santidrián |
| 250 | |a Varias ediciones | ||
| 264 | |a Madrid : Paulinas, 1986-1987 | ||
| 300 | |a 3 v. | ||
| 336 | |a texto |b txt |2 rdacontenido | ||
| 337 | |a sin mediación |b n |2 rdamedio | ||
| 338 | |a volumen |b nc |2 rdasoporte | ||
| 440 | 0 | |a Ethos ; 1, 2, 3 | |
| 597 | |a t. I. Etica personal : las actitudes éticas (1986, 7a ed.).--t. II. Etica comunitaria : convivencia, sexualidad, familia (1987, 7a ed.).--t. III. Etica Social y Política (1986, 5a ed.) | ||
| 649 | |a XX | ||
| 650 | |a Ética | ||
| 700 | |a I. Santidrián, Pedro R. |e (autor) | ||
| 910 | |a Fondo Francisco Migoya Covarrubias S.J. | ||
| 920 | |a Impresos - Libros | ||
| 930 | |a Fondos Especiales | ||
| 905 | |a 134 | ||
| 901 | |a SBC15088 |b IT2 |c ESP |u 20250521 | ||
| 901 | |a SBC15089 |b IT2 |c ESP |u 20250521 | ||
| 901 | |a SBC15090 |b IT2 |c ESP |u 20250521 | ||
| 902 | |a https://opac.biblio.iteso.mx/vufind/Record/000544105 | ||